000 00203 a2200097 4500
001 26443
100 _aCollet, C U
245 _aEngineering Measurements
260 _a
_bPitman
_c
090 _c17779
_d17779
942 _aNUST-CAE
_cM
_c8645
999 _c261516
_d261516